[Event "29th Czech Open A 2018"]
[Site "Pardubice CZE"]
[Date "2018.07.28"]
[Round "9.83"]
[White "Polak, Benedikt"]
[Black "Kutynec, Vladimir"]
[Result "1-0"]
[WhiteElo "2126"]
[BlackElo "2273"]
[EventDate "2018.07.21"]

1. e4 c5 2. Nf3 Nc6 3. d4 cxd4 4. Nxd4 g6 5. c4 Nf6 6. Nc3 Nxd4 7. Qxd4 d6
8. f3 Bg7 9. Be3 O-O 10. Qd2 Be6 11. Rc1 Qa5 12. Be2 Rfc8 13. b3 h5 14. O-O
a6 15. f4 Bg4 16. Bd3 Bd7 17. h3 b5 18. f5 bxc4 19. Bxc4 Bb5 20. Qd3 Bxc4
21. bxc4 Rab8 22. e5 dxe5 23. fxg6 fxg6 24. Qxg6 Rxc4 25. Bh6 Ne8 26. Qf7+
Kh7 27. Bxg7 Qc5+ 28. Kh2 Nxg7 29. Ne4 Rxc1 30. Ng5+ Kh8 31. Qf8+ Rxf8 32.
Rxf8# 1-0

[Event "29th Czech Open A 2018"]
[Site "Pardubice CZE"]
[Date "2018.07.28"]
[Round "9.84"]
[White "Kenneskog, Theodor"]
[Black "Machlik, Edit"]
[Result "1/2-1/2"]
[WhiteElo "2273"]
[BlackElo "2046"]
[EventDate "2018.07.21"]

1. d4 Nf6 2. c4 e6 3. Nf3 Bb4+ 4. Nbd2 d6 5. a3 Bxd2+ 6. Qxd2 Nbd7 7. e3 e5
8. dxe5 dxe5 9. b4 a5 10. Bb2 axb4 11. axb4 Rxa1+ 12. Bxa1 Qe7 13. Be2 O-O
14. O-O b6 15. Bb2 Bb7 16. Ra1 Ra8 17. Rxa8+ Bxa8 18. Qc3 Ne4 19. Qa3 Bc6
20. h3 f6 21. Qb3 Kh8 22. Ba3 Qe6 23. Qc2 Nd6 24. Nd2 g6 25. Bf1 Kg7 26.
Bb2 Qe8 27. Nb1 Ne4 28. Nc3 Nxc3 29. Bxc3 Nf8 30. Qb2 Qd8 31. f4 exf4 32.
exf4 Qd6 33. Qf2 Ne6 34. f5 Ng5 35. fxg6 hxg6 36. Qe3 Ne4 37. Bd4 Qxb4 38.
Bd3 Qe7 39. Bc2 Qe8 40. Qf4 Qe7 41. Qe3 Qe8 42. Qf4 1/2-1/2

[Event "29th Czech Open A 2018"]
[Site "Pardubice CZE"]
[Date "2018.07.28"]
[Round "9.85"]
[White "Suleymanli, Aydin"]
[Black "Rudovskii, Filipp"]
[Result "1-0"]
[WhiteElo "2266"]
[BlackElo "1944"]
[EventDate "2018.07.21"]

1. d4 Nf6 2. c4 g6 3. g3 Bg7 4. Bg2 d5 5. cxd5 Nxd5 6. Nf3 O-O 7. O-O Nc6
8. Nc3 Nb6 9. e3 e5 10. d5 Ne7 11. e4 f5 12. Qb3 Kh8 13. Bg5 Bd7 14. Qb4
Nbc8 15. Rfe1 a5 16. Qc5 b6 17. Qe3 f4 18. gxf4 h6 19. Bxe7 Nxe7 20. fxe5
Bg4 21. Nd4 Bxe5 22. Qxh6+ Kg8 23. Nc6 Nxc6 24. Qxg6+ Bg7 25. Qxg4 Ne5 26.
Qe6+ Rf7 27. Re3 Qf8 28. Rf1 Re8 29. Qh3 Ng6 30. Ne2 Be5 31. Qh5 Qd6 32.
Rh3 Ree7 33. Kh1 Rh7 34. Qg4 Rxh3 35. Bxh3 Bxh2 36. f4 Rxe4 37. Kxh2 Rxe2+
38. Qxe2 Nxf4 39. Qe8+ Kg7 40. Qd7+ 1-0

[Event "29th Czech Open A 2018"]
[Site "Pardubice CZE"]
[Date "2018.07.28"]
[Round "9.86"]
[White "Zaitsev, Alexander"]
[Black "Murray, David"]
[Result "1-0"]
[WhiteElo "2499"]
[BlackElo "2112"]
[EventDate "2018.07.21"]

1. e4 c5 2. Nf3 Nc6 3. Bb5 d6 4. d4 cxd4 5. Qxd4 Bd7 6. Bxc6 Bxc6 7. Nc3 e5
8. Qd3 Be7 9. O-O h6 10. Rd1 Qd7 11. Nd2 Nf6 12. Nc4 b5 13. Nxd6+ Bxd6 14.
Qxd6 Qxd6 15. Rxd6 Rc8 16. f3 b4 17. Nd1 Ke7 18. Rd2 Bd7 19. b3 a5 20. a3
a4 21. bxa4 Bxa4 22. axb4 Rxc2 23. Rxc2 Bxc2 24. Ne3 Rc8 25. Bb2 Bd3 26.
Bxe5 g6 27. Kf2 Ke6 28. Bd4 Rb8 29. Ra3 Bb5 30. Ra7 Ne8 31. Nd5 1-0

[Event "29th Czech Open A 2018"]
[Site "Pardubice CZE"]
[Date "2018.07.28"]
[Round "9.87"]
[White "Khaetsky, Roman"]
[Black "Kukelko, Alexey"]
[Result "1/2-1/2"]
[WhiteElo "2381"]
[BlackElo "2196"]
[EventDate "2018.07.21"]

1. e4 c5 2. Nf3 e6 3. d4 cxd4 4. Nxd4 Qb6 5. Nb3 Qc7 6. Bd3 Nf6 7. O-O Nc6
8. Nc3 a6 9. f4 d6 10. Qf3 Be7 11. Kh1 O-O 1/2-1/2

[Event "29th Czech Open A 2018"]
[Site "Pardubice CZE"]
[Date "2018.07.28"]
[Round "9.88"]
[White "Cerveny, Martin"]
[Black "Hrdina, Robin"]
[Result "1-0"]
[WhiteElo "2359"]
[BlackElo "2193"]
[EventDate "2018.07.21"]

1. d4 Nf6 2. c4 e6 3. Nf3 b6 4. g3 Bb7 5. Bg2 Be7 6. O-O O-O 7. d5 Na6 8.
Nc3 Nc5 9. Nh4 a5 10. e4 e5 11. f4 d6 12. fxe5 dxe5 13. Nf5 Re8 14. Bg5
Nxd5 15. Nxd5 Bxg5 16. Qg4 Bxd5 17. Rad1 Qf6 18. exd5 e4 19. d6 cxd6 20. h4
Bh6 21. Nxd6 Qe6 22. Qh5 Rf8 23. Nf5 Rad8 24. Rd5 Kh8 25. Nxh6 gxh6 26. Kh2
Rde8 27. Bh3 Qg6 28. Qe2 Rg8 29. Qe3 Qg7 30. b3 Nd3 31. g4 Ne5 32. Rf4 Nf3+
33. Kg3 Qb2 34. Bg2 Nxh4 35. Kxh4 Qxg2 36. Rd2 Qh1+ 37. Kg3 Rg6 38. Rd5 Kg8
39. Rdf5 Re7 40. Rf1 1-0

[Event "29th Czech Open A 2018"]
[Site "Pardubice CZE"]
[Date "2018.07.28"]
[Round "9.89"]
[White "Vyskocil, Neklan"]
[Black "Soural, Jan"]
[Result "1-0"]
[WhiteElo "2327"]
[BlackElo "2192"]
[EventDate "2018.07.21"]

1. e4 c5 2. Nf3 Nc6 3. d4 cxd4 4. Nxd4 g6 5. Nc3 Bg7 6. Be3 Nf6 7. Nxc6
bxc6 8. e5 Ng8 9. Bd4 Nh6 10. e6 O-O 11. Bxg7 Kxg7 12. Qd4+ Kg8 13. exd7
Qxd7 14. Qxd7 Bxd7 15. O-O-O Rfd8 16. Be2 Kf8 17. Bf3 Be8 18. Ne4 Nf5 19.
g3 Rab8 20. c3 Rd5 21. b3 a5 22. Kc2 h6 23. Rhe1 Rbd8 24. a4 Rb8 25. Be2
Re5 26. Bd3 Nd6 27. f4 Rh5 28. h4 Nxe4 29. Rxe4 Rd5 30. Bc4 Rxd1 31. Kxd1
f6 32. Be6 Bf7 33. Kc2 Bxe6 34. Rxe6 Rb6 35. Re4 Ke8 36. b4 Kd7 37. Kd3 h5
38. Kc4 Ra6 39. b5 cxb5+ 40. axb5 Re6 41. Rxe6 Kxe6 42. b6 Kd7 43. Kb5 a4
44. Kxa4 Kc6 45. Ka5 e5 46. Ka6 1-0

[Event "29th Czech Open A 2018"]
[Site "Pardubice CZE"]
[Date "2018.07.28"]
[Round "9.90"]
[White "Gombocz, Ferenc Jr."]
[Black "Nguyen, Alex Dac-Vuong"]
[Result "1-0"]
[WhiteElo "2301"]
[BlackElo "2175"]
[EventDate "2018.07.21"]

1. c4 Nf6 2. g3 c5 3. Bg2 d5 4. cxd5 Nxd5 5. Nf3 Nc6 6. d4 e6 7. O-O Be7 8.
dxc5 O-O 9. a3 Bxc5 10. Qc2 Be7 11. e4 Nf6 12. Rd1 Qa5 13. Nc3 e5 14. Nd5
Qc5 15. Qxc5 Bxc5 16. b4 Bd4 17. Nxd4 Nxd4 18. Bb2 Bg4 19. Rd3 Nxd5 20.
exd5 Bf5 21. Re3 Nc2 22. Rxe5 Nxa1 23. Rxf5 Rfe8 24. Re5 f6 25. Re3 Nc2 26.
Rc3 Rac8 27. Rxc8 Rxc8 28. Be4 Nd4 29. Bxd4 Rc4 30. Bxh7+ Kxh7 31. Bxa7 Rc3
32. a4 Rd3 33. Kg2 Kg6 34. Bc5 Rxd5 35. Kf3 Kf5 36. h4 Rd3+ 37. Ke2 Ra3 38.
a5 Ke4 39. Kd2 g6 40. Kc2 Kd5 41. Kd2 f5 42. Ke2 Ke4 43. Kd2 Kf3 44. Kc2
Ke2 45. Kb2 Rd3 46. Kc2 Rf3 47. Be3 f4 48. gxf4 Rh3 49. b5 Rxh4 50. a6 bxa6
51. bxa6 Rh1 52. a7 Ra1 53. Kb2 Ra6 54. Kc3 Kf3 55. Kc4 Ke4 56. Kb5 Ra2 57.
Kb6 1-0